| 000 | 00788cam a2200265 a 4500 | ||
|---|---|---|---|
| 001 | 000003769 | ||
| 003 | DO-SdBNP | ||
| 005 | 20220721105930.0 | ||
| 007 | ta | ||
| 008 | 910627s2000 sp 001 1 spa d | ||
| 020 | _a8420442046 | ||
| 040 |
_aDO-SdBNP _bspa _cBNPHU |
||
| 041 | 1 | 7 |
_aspa _heng |
| 082 | 4 |
_a813.54 _bP228a _222 |
|
| 100 | 1 |
_aParetsky, Sara _911468 |
|
| 240 | 1 | 0 |
_aGuardian angel _lEspañol |
| 245 | 1 | 0 |
_aÁngel guardián / _cSara Paretsky ; traducción María José García Ripoll. |
| 260 |
_aMadrid : _bAlfaguara, _c2000. |
||
| 300 |
_a489 p. ; _c24 cm. |
||
| 534 |
_pTítulo original _tGuardian angel |
||
| 650 | 4 |
_aNovela estadounidense _9262 |
|
| 650 | 4 |
_aLiteratura estadounidense _9263 |
|
| 700 | 1 |
_aGarcía Ripoll, María José, _etr. _911469 |
|
| 942 |
_2ddc _cLBS1 |
||
| 999 |
_c3591 _d3591 |
||